|
|
|
|
| LEADER |
00000nab#a22000007a#4500 |
| 001 |
arbauad025968 |
| 003 |
AR-BaUAD |
| 005 |
20250711112140.0 |
| 008 |
970331|||||||||###||||||b###|0###a|spa|| |
| 040 |
|
|
|a AR-BaUAD
|c AR-BaUAD
|b spa
|
| 100 |
|
|
|a Goldschmiedt, Mariaclara
|
| 245 |
|
|
|a Un segno di amicizia /
|c Mariaclara Goldschmiedt;
|
| 300 |
0 |
|
|b fot.
|
| 653 |
|
|
|a ITALIA
|
| 653 |
|
|
|a REX
|
| 653 |
|
|
|a PLATERIA
|
| 653 |
|
|
|a CONCURSOS
|
| 653 |
|
|
|a MENDINI, ALESSANDRO
|
| 653 |
|
|
|a PEZZETTA, ROBERTO
|
| 653 |
|
|
|a TUSQUETS BLANCA, OSCAR
|
| 653 |
|
|
|a DE LUCCHI, MICHELE
|
| 653 |
|
|
|a PALTERER, DAVID
|
| 653 |
|
|
|a SOTTSASS, ETTORE
|
| 653 |
|
|
|a THUN, MATTEO
|
| 653 |
|
|
|a DALISI, RICCARDO
|
| 653 |
|
|
|a MENDINI, ALESSANDRO
|
| 653 |
|
|
|a BRANZI, ANDREA
|
| 653 |
|
|
|a ZANINI, MARCO
|
| 653 |
|
|
|a CIBIC, ALDO
|
| 653 |
|
|
|a SIPEK, BOREK
|
| 653 |
|
|
|a PORTOGHESI, PAOLO
|
| 653 |
|
|
|a REGALOS EMPRESARIALES
|
| 653 |
|
|
|a ACCESORIOS
|
| 653 |
|
|
|a LIBRERIA
|
| 653 |
|
|
|a ARTICULOS
|
| 653 |
|
|
|a CANDELABROS
|
| 653 |
|
|
|a CENICEROS
|
| 653 |
|
|
|a PORTARRETRATOS
|
| 653 |
|
|
|a ARTEFACTOS
|
| 653 |
|
|
|a RELOJES
|
| 653 |
|
|
|a PORTALAPICES
|
| 653 |
|
|
|a ADORNOS
|
| 653 |
|
|
|a MATERIALES
|
| 653 |
|
|
|a PLATA
|
| 653 |
|
|
|a DISEÑO INDUSTRIAL
|
| 773 |
0 |
|
|t MODO
|g no. 163 [abr. 1995], p. 40-41
|
| 942 |
|
|
|c ARTI
|
| 952 |
|
|
|0 0
|1 0
|4 0
|7 0
|9 70887
|a AR-BAuAD
|b AR-BAuAD
|d 2025-07-11
|l 0
|p AAQA025968
|r 2025-07-11 11:21:40
|w 2025-07-11
|y ARTI
|
| 990 |
|
|
|a DI199
|b TD
|
| 998 |
|
|
|a AAQ
|b BIBUN76
|
| 999 |
|
|
|c 50560
|d 50560
|